| 000 | 00763nam a22002297a 4500 | ||
|---|---|---|---|
| 005 | 20170124110003.0 | ||
| 010 | _aA-779423 | ||
| 020 |
_c00.00 _a8171007147 |
||
| 035 | _aA-779423 | ||
| 037 | _bCen Lib/Ret | ||
| 040 |
_aDPL _bEN |
||
| 082 |
_a345.077 _bCHA |
||
| 100 |
_aChakrabarti, Nirmal Kanti _916372 |
||
| 245 |
_aProbation system : _cby Nirmal Kanti Chakrabarti _bin the administration of criminal justice / |
||
| 260 |
_aNew Delhi _bDeep and Deep Publications _c1995 |
||
| 270 |
_bNew Delhi _aF-159, Rajouri Garden _e110027 |
||
| 300 |
_axviii, 295p. _c22cm(Hb) |
||
| 500 | _aIncludes bibliographical references and index | ||
| 650 |
_aProbation -- India _916373 |
||
| 650 |
_aProbation _916374 |
||
| 942 |
_2ddc _cEN _h345.077 _mCHA |
||
| 999 |
_c126035 _d126035 |
||